Which Former Country? - Click Quiz - Statistics

General Stats
  • This quiz has been taken 132 times
  • The average score is 16 of 30
Answer Stats
Hint Answer % Correct
Ceased to exist due to losing Constantinople Byzantine Empire
78%
Bordered the Black, Baltic and Caspian seas Soviet Union
78%
Extremely Buddhist autonomous region Tibet
78%
Was lead by Fredrick the Great Prussia
75%
Was dissolved during the Napoleonic Wars Holy Roman Empire
71%
Their first ruler was King of the Franks Holy Roman Empire
69%
First leader was Vladimir Lenin Soviet Union
69%
Was at one point the only country bordering the Mediterranean Sea Roman Empire
65%
Dissolved due to major ethnic differences and did so by having a very bloody civil war Yugoslavia
65%
Was one of the countries that formed from the Austro-Hungarian Empire after WWI Yugoslavia
65%
Was founded on October 7th 1949 East Germany
58%
The two capitals were Byblos and Tyre Phoenicia
58%
Won the Seven Years' War Prussia
56%
Made part of the Eastern Bloc in 1960 (satellite state) East Germany
55%
Split into 2 to attempt to stabilise itself Roman Empire
51%
Had a lot of leaders named: Leo, Constantine and Michael Byzantine Empire
49%
Is known as the First Reich Holy Roman Empire
49%
Their first national anthem was called: "The Internationale"
Soviet Union
49%
Stretched from modern-day Albania to Pakistan Macedonia
47%
United 3 different kingdoms together Kalmar Union
45%
Was known as the "Sick man of Europe" Ottoman Empire
45%
Lost the Great Siege of Malta Ottoman Empire
45%
One of its capitals was Königsberg Prussia
45%
Still exists but not as its own country Tibet
44%
Previous capitals were Söğüt, Nicaea, Bursa and Adrianople before switching to a capital city that would last until it's fall Ottoman Empire
40%
Was famous for its invention of purple dye Phoenicia
40%
Some monarchs that ruled over it are: Margaret I, Eric of Pomerania and Christian II Kalmar Union
35%
There is legend that it's greatest leader cut the Gordian Knot Macedonia
35%
Their official symbol was the Vergina Sun Macedonia
35%
Lasted the longest out of all of these Phoenicia
5%
No matching quizzes found
Score Distribution
Percent of People with Each Score
Percentile by Number Answered
Your Score History
You have not taken this quiz